000 01035nam a22002777a 4500
001 BR8803894
003 BR-BrBNA
005 20230928092946.0
007 ta
008 230509b bl.||||| |||| 00| 0 por d
040 _aBR-BrBNA
_bpor
_cBiblioteca Nacional de Agricultura
041 _a(Por)
072 _aH60
_b1000
_b3876
090 _ 1000 BR8803894
100 1 _aMachado Neto, J.G.
110 1 _aEscola Superior de Agricultura Luiz de Queiroz, Piracicaba, SP (Brasil)
_0Tese (Mestrado)
245 1 _aEfeitos do uso continuo de herbicidas residuais na composicao especifica da comunidade infestante e na presenca de residuos no solo de um pomar de citros (Citrus sinensis (L.)Osbeck)
246 1 _a[Effect of the continuous use of herbicides in citrus fruits]
260 3 _aPiracicaba, SP (Brasil):
_c1987.
300 _a130 p.
500 _aBibliography p. 114-125 (86 ref.); 24 tables; Summaries (Eng, Por)
650 _aFRUTA CITRICA
650 _aHERBICIDA
909 _a202309
_bLucia
_c55
_dLucia Elande
942 _cBK
999 _c42219
_d42219